<?xml version="1.0" encoding="UTF-8"?>
<marc:record xmlns:marc="http://www.loc.gov/MARC21/slim">
   <marc:leader>00000nam a2200000 a 4500</marc:leader>
   <marc:datafield ind1="1" ind2=" " tag="100">
      <marc:subfield code="a">Dinter, Isabelle</marc:subfield>
      <marc:subfield code="4">ctb</marc:subfield>
      <marc:subfield code="e">Mitwirkende/-r</marc:subfield>
   </marc:datafield>
   <marc:datafield ind1="0" ind2="0" tag="245">
      <marc:subfield code="a">This holiday is no fun</marc:subfield>
   </marc:datafield>
   <marc:datafield ind1="0" ind2="0" tag="245">
      <marc:subfield code="c">von Friederike Klippel ; Ingrid Preedy ; Monika Wanders</marc:subfield>
   </marc:datafield>
   <marc:datafield ind1=" " ind2="1" tag="264">
      <marc:subfield code="a">Ismaning</marc:subfield>
      <marc:subfield code="b">Hueber</marc:subfield>
      <marc:subfield code="c">2006</marc:subfield>
   </marc:datafield>
   <marc:datafield ind1=" " ind2=" " tag="250">
      <marc:subfield code="a">1. Aufl., 1. Dr.</marc:subfield>
   </marc:datafield>
   <marc:datafield ind1="1" ind2=" " tag="520">
      <marc:subfield code="a">Angaben aus der Verlagsmeldung

Stories for Kids - This Holiday is no Fun : Lektüre mit Audio-CD / von Friederike Klippel, Ingrid Preedy, Monika Wanders

Für Kinder ab 10 Jahren.
David ist ein Großstadtjunge und hat alles, was er sich wünscht - nur eines hat er nicht: Eltern, die Zeit für ihn haben. Wäre da nicht sein Großvater, er könnte im Sommer nicht einmal in den Ferien wegfahren. Im Cottage in der Wildnis findet David Gefallen am einfachen Leben und als sein Großvater in Gefahr gerät, zeigt er, was in ihm steckt ...
</marc:subfield>
   </marc:datafield>
   <marc:datafield ind1=" " ind2=" " tag="020">
      <marc:subfield code="a">9783191095284</marc:subfield>
      <marc:subfield code="9">9783191095284</marc:subfield>
   </marc:datafield>
   <marc:datafield ind1=" " ind2=" " tag="020">
      <marc:subfield code="a">3191195289</marc:subfield>
      <marc:subfield code="9">3191195289</marc:subfield>
   </marc:datafield>
   <marc:datafield ind1=" " ind2=" " tag="041">
      <marc:subfield code="a">ger</marc:subfield>
   </marc:datafield>
   <marc:datafield ind1=" " ind2=" " tag="300">
      <marc:subfield code="a">48 S.</marc:subfield>
   </marc:datafield>
</marc:record>
